000
00307nam a22001457a 4500
003
SGT
005
20260525111927.0
082
_a
004.22,SAI
100
_a
SAINI SPS
245
_a
COMPUTER SYSTEM ARCHITECTURE AND ORGANISATION
250
_a
1st
260
_c
2008
300
_a
450
942
_2
ddc
_c
GF BOOKS
999
_c
34404
_d
34404